000 01914nam0a2200361 4500
001 RU\NLR\bibl\869615
005 20260408070315.0
010 _a5-288-03746-9
021 _aRU
_b2005-62651
_93076
035 _a(NLR Aleph) 000858243
090 _a1523360
_c1523360
100 _a20051110d2005 |||y0rusy50 ca
101 0 _arus
102 _aRU
105 _ay |||||||||
200 1 _aРелигии мира
_eучебное пособие по дисциплине "История религии" для студентов высших учебных заведений по специальности (направлению) "Религиоведение"
_f[М.М. Шахнович, Р.В. Светлов, Е.А. Торчинов и др.]
_gпод ред. М.М. Шахнович
_gС.-Петерб. гос. ун-т
205 _aИзд. 2-е, доп.
210 _aСанкт-Петербург
_cИзд-во Санкт-Петербургского университета
_d2005
215 _a286,[2] с.
_d22
225 1 _aСтудентам, учителям, школьникам
320 _aБиблиогр.: с. 281-287
606 1 _aРелигия
_jУчебные издания для высших учебных заведений
_xИстория
_91190702
_3RU\NLR\auth\66162574
686 _aЭ23я73
701 1 _aШахнович
_bМ. М.
_gМарианна Михайловна
_4070
701 1 _aСветлов
_bР. В.
_4070
701 1 _4070
_8rus
_7ca
_aТорчинов
_bЕ. А.
_f1956-2003
_gЕвгений Алексеевич
_3RU\NLR\auth\7749195
_932130
712 0 2 _4570
_aСанкт-Петербургский государственный университет
_3RU\NLR\AUTH\8810043151
_9585805
801 0 _aRU
_bNLR
_c20051110
_grcr
801 1 _aRU
_bNLR
_c20051110
830 _aавт. по ЭК
942 _cBOOK
980 _aNB